Particulars of a valuable and truly eligible freehold estate, delightfully situate in the parishes of Shackleford and Pepper Harrow; in the most pleasant and healthy part of the county of Surry : Consisting of a capital, regular, and exceedingly substantial modern mansion, called Shackleford House, with numerous corresponding attached and detached offices of every description; excellent kitchen garden, inclosed by lofty walls, cloathed with choice fruit trees in full bearing; green house, ice house; farm yard, lodges, &c. Ninety-two acres and upwards of excellent land, about thirty acres of which are fine meadow, the rest arable land and pleasure grounds; and six fish ponds stored with carp, tench, trout, &c. Appearing from the mansion to be, and convertible at a small expence into, one continued sheet of water, of great length. The whole surrounded by plantations and walks in a ring fence, partly inclosed by a new oak paling. The mansion and offices are in perfect repair; the grounds in a high state of cultivation; and form a comforatble, exceedingly convenient, and complete residence for a family of distinction. Also six fields of excellent arable land, containing together twenty-three acres, twenty-nine perch, partly adjoining to, and partly at a small distance from the above, with extensive common rights on Shackleford and Pepperharrow commons, and the right of the private road from Shackleford to the turnpike road between Farnham and Guildford. Which will be sold by private contract, by Mr. Christie.

Bibliographic Details
Main Author: Christie, Mr. (James), 1730-1803
Corporate Author: Gale (Firm)
Format: eBook
Language:English
Published: [London] : [publisher not identified], [1790?]
Subjects:
Online Access:Connect to the full text of this electronic book

MARC

Tag First Indicator Second Indicator Subfields
LEADER 00000cam a2200000 4500
001 in00003865749
005 20190415191130.0
006 m o d
007 cr |n||||||||n
008 960716s1790 enk|||| o 00||||eng c
035 |a (CU-RivES)T227978 
035 |a (Uk-ES)006322361 
035 |a (OCoLC)510748840 
040 |a Uk-ES  |c Uk-ES  |d Cengage Gale  |d UtOrBLW 
100 1 |a Christie,  |c Mr.  |q (James),  |d 1730-1803.  |0 http://id.loc.gov/authorities/names/n85099785 
245 1 0 |a Particulars of a valuable and truly eligible freehold estate, delightfully situate in the parishes of Shackleford and Pepper Harrow; in the most pleasant and healthy part of the county of Surry :  |b Consisting of a capital, regular, and exceedingly substantial modern mansion, called Shackleford House, with numerous corresponding attached and detached offices of every description; excellent kitchen garden, inclosed by lofty walls, cloathed with choice fruit trees in full bearing; green house, ice house; farm yard, lodges, &c. Ninety-two acres and upwards of excellent land, about thirty acres of which are fine meadow, the rest arable land and pleasure grounds; and six fish ponds stored with carp, tench, trout, &c. Appearing from the mansion to be, and convertible at a small expence into, one continued sheet of water, of great length. The whole surrounded by plantations and walks in a ring fence, partly inclosed by a new oak paling. The mansion and offices are in perfect repair; the grounds in a high state of cultivation; and form a comforatble, exceedingly convenient, and complete residence for a family of distinction. Also six fields of excellent arable land, containing together twenty-three acres, twenty-nine perch, partly adjoining to, and partly at a small distance from the above, with extensive common rights on Shackleford and Pepperharrow commons, and the right of the private road from Shackleford to the turnpike road between Farnham and Guildford. Which will be sold by private contract, by Mr. Christie. 
264 1 |a [London] :  |b [publisher not identified],  |c [1790?] 
300 |a 1 online resource (3, 1 unnumbered pages)  
336 |a text  |b txt  |2 rdacontent 
337 |a computer  |b c  |2 rdamedia 
338 |a online resource  |b cr  |2 rdacarrier 
500 |a Docket title: 'Particular of Shackleford'. 
509 |a AWn suggests that on internal evidence, this is shortly before Michaelmas 1790. 
510 4 |a English Short Title Catalog,  |c T227978. 
500 |a Reproduction of original from National Library of Wales. 
500 |a Electronic resource. 
650 0 |a Estate sales  |v Early works to 1800. 
655 7 |a Electronic books.  |2 local 
655 7 |a Advertisements.  |2 rbgenr 
710 2 |a Gale (Firm)  |0 http://id.loc.gov/authorities/names/no2008071348 
752 |a Great Britain  |b England  |d London. 
856 4 0 |u http://proxy.library.tamu.edu/login?url=http://find.galegroup.com/ecco/infomark.do?contentSet=ECCOArticles&docType=ECCOArticles&bookId=1696701100&type=getFullCitation&tabID=T001&prodId=ECCO&docLevel=TEXT_GRAPHICS&version=1.0&source=library&userGroupName=txshracd2898  |z Connect to the full text of this electronic book  |t 0 
999 f f |s 48cb1316-e730-3bfe-9f9f-e3359fe378f2  |i 9183f3d9-9e62-3c34-aa2c-254173097e24  |t 0 
952 f f |a Texas A&M University  |b College Station  |c Electronic Resources  |d Available Online  |t 0  |h No information provided 
998 f f |t 0  |l Available Online